Being an effective teacher: (Record no. 156357)

MARC details
000 -LEADER
fixed length control field 00776nam a22002057a 4500
005 - DATE AND TIME OF LATEST TRANSACTION
control field 20180827103456.0
010 ## - LCCN (DPL NO)
LC control number ENG-123767
020 ## - INTERNATIONAL STANDARD BOOK NUMBER
Terms of availability 160.00
International Standard Book Number 9789386262103
035 ## - SYSTEM CONTROL NUMBER
System control number EN-107299
037 ## - SOURCE OF ACQUISITION
Source of stock number/acquisition DBAD/PUB
082 ## - DEWEY DECIMAL CLASSIFICATION NUMBER
Classification number 373.11020954
100 ## - MAIN ENTRY--PERSONAL NAME
Personal name Toor, Kamalpreet Kaur
245 ## - TITLE STATEMENT
Title Being an effective teacher:
Statement of responsibility, etc by Kamalpreet Kaur Toor
Remainder of title role of psychological dimensions /
260 ## - PUBLICATION, DISTRIBUTION, ETC. (IMPRINT)
Place of publication, distribution, etc Delhi
Name of publisher, distributor, etc Shipra Publications
Date of publication, distribution, etc 2017
270 ## - ADDRESS
Address LG 18-19,Pankaj Central Market I.P.Ext.,Patparganj
City Delhi
Postal code 110092
Telephone number 91 11 22235152/ 6152
Electronic mail address www.shiprapublication.com
300 ## - PHYSICAL DESCRIPTION
Extent 178p.
Dimensions 21cm(pbk)
500 ## - GENERAL NOTE
General note It includes glossary, bibliography and index
500 ## - GENERAL NOTE
General note (Study of Secondary School teachers in Punjab)
942 ## - ADDED ENTRY ELEMENTS (KOHA)
Source of classification or shelving scheme Dewey Decimal Classification
Item type English Books
Call number suffix TOO
Classification part 373.11020954
Holdings
Withdrawn status Lost status Not for loan Collection code Home library Current library Date acquired Source of acquisition Cost, normal purchase price Full call number Barcode Copy number Cost, replacement price Koha item type
    Not For Loan Non-fiction D.B.Act.Division Bawana 27/08/2018 DBAD/PUB 160.00 373.11020954 TOO EN-107299 1 160.00 English Books

© Delhi Public Library
Hit Counter
free hit counter